000 00778nam a22001937a 4500
999 _c63151
_d63151
003 Ge_BSU
005 20250612113153.0
008 250612s2024 ge ||||| |||| 00| 0 geo d
041 _ageo
080 _a37 ბ-29
100 _4ბასილაზე, ნოდარ
245 _aჰუმანიზმი - ზნეობრივი აღზრდის ქვაკუთხედი /
_cნოდარ ბასილაძე; რედ. რ. ხალვაში.
264 _aბათუმი,
_c2024.
300 _a102 გვ. ;
_b21 სმ.
504 _aბიბლიოგრ. გვ. 96-98
653 _aპედაგოგიკა
700 _aხალვაში, რ.
_eრედაქტორი
_911576
942 _2udc
_cᲬᲘᲒᲜᲘ